[Event "Rilton Cup 50th"]
[Site "Stockholm"]
[Date "2023.01.05"]
[Round "9"]
[White "Krasenkow, Michal"]
[Black "Kilgus, Georg"]
[Result "1/2-1/2"]
[WhiteElo "2541"]
[BlackElo "2389"]
[PlyCount "62"]
[EventDate "2022.12.27"]
[EventType "swiss"]
[EventRounds "9"]
[EventCountry "SWE"]
[SourceTitle "CBM 212 Extra"]
[Source "ChessBase"]
[SourceDate "2023.03.31"]
[SourceVersion "1"]
[SourceVersionDate "2023.03.31"]
[SourceQuality "1"]

1. Nf3 Nf6 2. c4 e6 3. Nc3 d5 4. d4 Bb4 5. Qa4+ Nc6 6. e3 0-0 7. Qc2 Re8 8. Bd2 h6 9. a3 Bf8 10. cxd5 exd5 11. Bd3 a6 12. 0-0 Bd6 13. h3 Be6 14. e4 dxe4 15. Nxe4 Bd5 16. Rfe1 Nxe4 17. Bxe4 Bxe4 18. Rxe4 Rxe4 19. Qxe4 Qe7 20. Qg4 Qe6 21. Qxe6 fxe6 22. Re1 Kf7 23. h4 Rd8 24. g4 Be7 25. Re4 Rd5 26. g5 h5 27. Bc3 Bd6 28. Ne1 Ne7 29. Ng2 Rf5 30. f4 Nd5 31. Bd2 Ke7 1/2-1/2

[Event "Rilton Cup 50th"]
[Site "Stockholm"]
[Date "2023.01.04"]
[Round "8"]
[White "Kilgus, Georg"]
[Black "Koelle, Tobias"]
[Result "1-0"]
[WhiteElo "2389"]
[BlackElo "2439"]
[PlyCount "121"]
[EventDate "2022.12.27"]
[EventType "swiss"]
[EventRounds "9"]
[EventCountry "SWE"]
[SourceTitle "CBM 212 Extra"]
[Source "ChessBase"]
[SourceDate "2023.03.31"]
[SourceVersion "1"]
[SourceVersionDate "2023.03.31"]
[SourceQuality "1"]

1. Nf3 d5 2. g3 Bg4 3. Bg2 e6 4. h3 Bh5 5. c4 c6 6. 0-0 Nf6 7. Qb3 Qb6 8. d3 Be7 9. Be3 Qxb3 10. axb3 Bxf3 11. Bxf3 Na6 12. Bd4 0-0 13. Bc3 Rfd8 14. d4 Nb4 15. Nd2 a5 16. e3 h6 17. Rfc1 b6 18. Kf1 Rac8 19. Ke2 Nd7 20. h4 g6 21. Bg2 h5 22. Nf3 Nf6 23. Ne5 Nd7 24. Nf3 Nf6 25. Bh3 Nd7 26. Ng5 Nf8 27. g4 f6 28. Nxe6 Nxe6 29. gxh5 f5 30. Rg1 Kf7 31. Rxg6 Nf8 32. Bxb4 axb4 33. Bxf5 Rc7 34. Rg4 c5 35. Bd3 cxd4 36. Rxd4 dxc4 37. Bxc4+ Kg7 38. Rf4 Kh6 39. Ra6 Rd6 40. Rf7 Rcd7 41. Ra8 Rd2+ 42. Kf3 b5 43. Be6 Bxh4 44. Rfxf8 Rxf2+ 45. Kg4 Rxf8 46. Rxf8 Rd6 47. Rh8+ Kg7 48. Rg8+ Kh7 49. Rg6 Be7 50. Bf5 Rxg6+ 51. Bxg6+ Kg7 52. Kf5 Bf6 53. e4 Bxb2 54. e5 Bc1 55. Be8 Bd2 56. Bxb5 Bc1 57. e6 Kf8 58. Kg6 Ke7 59. h6 Bb2 60. Kh7 Bc1 61. Kg7 1-0

[Event "BL2-Ost 2223"]
[Site "Germany"]
[Date "2022.10.23"]
[Round "2.5"]
[White "Kilgus, Georg"]
[Black "Schreiner, Peter"]
[Result "1/2-1/2"]
[WhiteElo "2392"]
[BlackElo "2393"]
[PlyCount "40"]
[EventDate "2022.10.22"]
[EventType "team-tourn"]
[EventRounds "10"]
[EventCountry "GER"]
[SourceTitle "EXT 2024"]
[Source "ChessBase"]
[SourceDate "2023.10.10"]
[SourceVersion "1"]
[SourceVersionDate "2023.10.10"]
[SourceQuality "1"]
[WhiteTeam "Regensburg Bavaria"]
[BlackTeam "Passau"]
[WhiteTeamCountry "GER"]
[BlackTeamCountry "GER"]

1. e4 e5 2. Nf3 Nc6 3. Bc4 Nf6 4. d3 Be7 5. 0-0 0-0 6. Nc3 d6 7. a4 Na5 8. Ba2 c5 9. Bg5 Nc6 10. Bxf6 Bxf6 11. Nd5 Be6 12. c3 g6 13. h3 Bg7 14. Qe2 Ne7 15. Nxe7+ Qxe7 16. a5 h6 17. Rfb1 Rfc8 18. Bxe6 Qxe6 19. c4 Bf6 20. b4 cxb4 1/2-1/2

[Event "AUT-ch"]
[Site "Vienna"]
[Date "2022.08.19"]
[Round "9"]
[White "Kilgus, Georg"]
[Black "Kruckenhauser, Arthur"]
[Result "1-0"]
[WhiteElo "2387"]
[BlackElo "2269"]
[PlyCount "115"]
[EventDate "2022.08.12"]
[EventType "swiss"]
[EventRounds "9"]
[EventCountry "AUT"]
[SourceTitle "CBM 209 Extra"]
[Source "ChessBase"]
[SourceDate "2022.09.30"]
[SourceVersion "1"]
[SourceVersionDate "2022.09.30"]
[SourceQuality "1"]

1. e4 e6 2. d4 d5 3. Nc3 Nc6 4. e5 f6 5. Bb5 Bd7 6. Nf3 Qe7 7. 0-0 Qf7 8. Re1 0-0-0 9. a4 Bb4 10. Bd2 Nge7 11. Na2 Bxd2 12. Qxd2 g5 13. exf6 Qxf6 14. Bxc6 Nxc6 15. Nb4 Nxb4 16. Qxb4 Rdf8 17. Qd2 g4 18. Ne5 Qh4 19. Qe3 Rf6 20. Qg3 Qg5 21. Qxg4 Qxg4 22. Nxg4 Rf4 23. Ne5 Rxd4 24. b3 Rf8 25. Re2 c5 26. g3 Rf5 27. f4 Kc7 28. c3 Rxe5 29. fxe5 Rd3 30. Rc1 Be8 31. g4 Bg6 32. Kf2 Be4 33. Re3 Rd2+ 34. Kg3 Rg2+ 35. Kh3 Rb2 36. b4 cxb4 37. cxb4+ Kb6 38. a5+ Ka6 39. Rc7 Rxb4 40. Re7 Kxa5 41. Rxe6 b5 42. Rf6 Rc4 43. e6 Rc8 44. Ra3+ Kb4 45. Rxa7 Bg6 46. Rd7 Kc5 47. e7 Re8 48. Rf8 b4 49. Rxe8 Bxe8 50. Rd8 Bg6 51. e8Q Bxe8 52. Rxe8 Kc4 53. Kg3 b3 54. Kf3 b2 55. Rb8 Kc3 56. Ke2 d4 57. Kd1 d3 58. h4 1-0

[Event "EU-ch 22nd"]
[Site "Terme Catez"]
[Date "2022.03.28"]
[Round "2"]
[White "Meskovs, Nikita"]
[Black "Kilgus, Georg"]
[Result "1-0"]
[WhiteElo "2561"]
[BlackElo "2415"]
[PlyCount "57"]
[EventDate "2022.03.27"]
[EventType "swiss"]
[EventRounds "11"]
[EventCountry "SLO"]
[SourceTitle "CBM 208"]
[Source "ChessBase"]
[SourceDate "2022.06.30"]
[SourceVersion "1"]
[SourceVersionDate "2022.06.30"]
[SourceQuality "1"]

1. d4 Nf6 2. c4 e6 3. Nc3 Bb4 4. e3 b6 5. Nge2 Ba6 6. a3 Bxc3+ 7. Nxc3 d5 8. Qa4+ Qd7 9. Qxd7+ Kxd7 10. cxd5 exd5 11. Bd2 Bxf1 12. Rxf1 Nc6 13. 0-0-0 Na5 14. Kc2 Nc4 15. Bc1 Rhe8 16. Kd3 Nd6 17. f3 c5 18. g4 Kc6 19. g5 Nd7 20. Kc2 Nf5 21. dxc5 Nxe3+ 22. Bxe3 Rxe3 23. b4 Ne5 24. f4 Ng4 25. Rd2 Rh3 26. Nxd5 bxc5 27. Re1 Rxh2 28. b5+ Kd7 29. Nb6+ 1-0

[Event "AUT-chT 2122"]
[Site "Austria"]
[Date "2022.03.27"]
[Round "8.5"]
[White "Kilgus, Georg"]
[Black "Dragnev, Valentin"]
[Result "1-0"]
[WhiteElo "2428"]
[BlackElo "2548"]
[PlyCount "119"]
[EventDate "2021.11.04"]
[EventType "team-tourn"]
[EventRounds "11"]
[EventCountry "AUT"]
[SourceTitle "EXT 2023"]
[Source "ChessBase"]
[SourceDate "2022.10.05"]
[SourceVersion "1"]
[SourceVersionDate "2022.10.05"]
[SourceQuality "1"]
[WhiteTeam "Grieskirchen/Schallerbach"]
[BlackTeam "Wien Ottakring"]
[WhiteTeamCountry "AUT"]
[BlackTeamCountry "AUT"]

1. e4 e5 2. Nf3 Nf6 3. Nxe5 d6 4. Nf3 Nxe4 5. d4 d5 6. Bd3 Bd6 7. 0-0 0-0 8. c4 c6 9. Nc3 Nxc3 10. bxc3 dxc4 11. Bxc4 Bf5 12. Ng5 h6 13. Qf3 Bg6 14. Ne4 Bxh2+ 15. Kxh2 Qh4+ 16. Qh3 Qxh3+ 17. gxh3 Bxe4 18. Rg1 Re8 19. Bxh6 g6 20. Rge1 Nd7 21. Bf1 Nf6 22. c4 Rad8 23. Rad1 b6 24. Rd2 Bf3 25. Rxe8+ Rxe8 26. Be3 Kg7 27. a4 Ne4 28. Rd3 Nf6 29. Ra3 Be4 30. a5 Re7 31. axb6 axb6 32. Ra6 Rb7 33. d5 c5 34. Bd2 Nd7 35. Bc3+ f6 36. Kg3 Kf7 37. Kf4 Bc2 38. h4 Ke7 39. Ra2 Bb3 40. Ra3 Bc2 41. Ra2 Bb3 42. Rb2 Ba4 43. Bd3 Kf7 44. Ra2 Bb3 45. Ra3 Bd1 46. Ra1 Bb3 47. Rb1 Ba4 48. Ra1 b5 49. d6 Rb6 50. cxb5 Bxb5 51. Bxb5 Rxb5 52. Re1 Nb6 53. Re7+ Kf8 54. Ke4 c4 55. Bxf6 Nc8 56. d7 Nd6+ 57. Kd4 Nb7 58. Re8+ Kf7 59. Rb8 c3 60. Rxb7 1-0

[Event "AUT-chT 2122"]
[Site "Austria"]
[Date "2021.11.07"]
[Round "4.2"]
[White "Kilgus, Georg"]
[Black "Brunello, Sabino"]
[Result "1-0"]
[WhiteElo "2428"]
[BlackElo "2498"]
[PlyCount "87"]
[EventDate "2021.11.04"]
[EventType "team-tourn"]
[EventRounds "11"]
[EventCountry "AUT"]
[SourceTitle "CBM 205 Extra"]
[Source "ChessBase"]
[SourceDate "2022.01.31"]
[SourceVersion "1"]
[SourceVersionDate "2022.01.31"]
[SourceQuality "1"]
[WhiteTeam "Grieskirchen/Schallerbach"]
[BlackTeam "Raika Feffernitz"]
[WhiteTeamCountry "AUT"]
[BlackTeamCountry "AUT"]

1. Nf3 Nf6 2. g3 b5 3. Bg2 Bb7 4. 0-0 e6 5. b3 c5 6. c4 a6 7. Nc3 Qb6 8. e3 d6 9. Qe2 Nbd7 10. cxb5 axb5 11. Qxb5 Qc7 12. Qe2 Be7 13. Bb2 0-0 14. Rfc1 Rfb8 15. d4 Qa5 16. dxc5 Nxc5 17. Ne1 d5 18. Qd1 e5 19. Nb1 e4 20. a3 Qd8 21. b4 Na4 22. Bd4 Bc8 23. Nd2 h5 24. Nb3 Bg4 25. f3 exf3 26. Bxf3 Qd7 27. Na5 Ra6 28. Nd3 Qf5 29. Bxg4 Nxg4 30. Rc6 Rxc6 31. Nxc6 Re8 32. Qxa4 Bg5 33. Nf4 Bxf4 34. exf4 Re2 35. Qa8+ Kh7 36. Ne7 Rxe7 37. Qf8 f6 38. Qxe7 Qc2 39. Re1 Qxh2+ 40. Kf1 Qxg3 41. Ke2 Qxa3 42. Ra1 Qb3 43. Qc5 Qg3 44. Qxd5 1-0

[Event "AUT-chT 2122"]
[Site "Austria"]
[Date "2021.11.04"]
[Round "1.2"]
[White "Martinovic, Sasa"]
[Black "Kilgus, Georg"]
[Result "1-0"]
[WhiteElo "2542"]
[BlackElo "2428"]
[PlyCount "47"]
[EventDate "2021.11.04"]
[EventType "team-tourn"]
[EventRounds "11"]
[EventCountry "AUT"]
[SourceTitle "CBM 205 Extra"]
[Source "ChessBase"]
[SourceDate "2022.01.31"]
[SourceVersion "1"]
[SourceVersionDate "2022.01.31"]
[SourceQuality "1"]
[WhiteTeam "St Veit"]
[BlackTeam "Grieskirchen/Schallerbach"]
[WhiteTeamCountry "AUT"]
[BlackTeamCountry "AUT"]

1. d4 Nf6 2. c4 e6 3. Nf3 Bb4+ 4. Nbd2 0-0 5. a3 Be7 6. e4 d6 7. Be2 e5 8. dxe5 dxe5 9. Nxe5 Re8 10. 0-0 Bf8 11. f4 a5 12. Qc2 Na6 13. Kh1 Nc5 14. b3 h5 15. Bb2 Ng4 16. Nxg4 hxg4 17. b4 axb4 18. axb4 Rxa1 19. Bxa1 Na6 20. b5 Nc5 21. f5 Qg5 22. e5 g3 23. Ne4 Bxf5 24. Rxf5 1-0

[Event "Vienna State-ch"]
[Site "Vienna"]
[Date "2021.09.19"]
[Round "2"]
[White "Kilgus, Georg"]
[Black "Mica, Marek"]
[Result "1/2-1/2"]
[WhiteElo "2446"]
[BlackElo "2304"]
[PlyCount "133"]
[EventDate "2021.09.18"]
[EventType "tourn"]
[EventRounds "9"]
[EventCountry "AUT"]
[EventCategory "6"]
[SourceTitle "CBM 204 Extra"]
[Source "ChessBase"]
[SourceDate "2021.11.30"]
[SourceVersion "1"]
[SourceVersionDate "2021.11.30"]
[SourceQuality "1"]

1. Nf3 d5 2. d4 Nf6 3. e3 e6 4. Bd3 Bd6 5. 0-0 0-0 6. b3 Nc6 7. Bb2 Re8 8. Ne5 Bxe5 9. dxe5 Nd7 10. Qh5 Nf8 11. Nd2 Nb4 12. Be2 c5 13. a3 Nc6 14. f4 c4 15. Rf3 Qb6 16. Rh3 c3 17. Bxc3 Qc5 18. Nb1 d4 19. b4 Qb6 20. Bd2 a5 21. b5 Ne7 22. c3 Nf5 23. cxd4 Nxd4 24. Bd3 g6 25. Qh6 Nb3 26. Ra2 Qd8 27. Bc4 Nc5 28. Nc3 b6 29. Be1 f5 30. exf6 Qxf6 31. Ne2 Bb7 32. Bc3 Qf7 33. Bd4 Rac8 34. Qg5 Qf5 35. Qxf5 gxf5 36. Ng3 Be4 37. Rd2 a4 38. Nh5 Ncd7 39. Rg3+ Ng6 40. Ba2 Kf8 41. Ng7 Rc1+ 42. Kf2 Rec8 43. Nxe6+ Ke7 44. Ng5 Bd3 45. Rh3 R8c2 46. Rxh7+ Kd6 47. Rxd7+ Kxd7 48. Be6+ Ke7 49. Rxc2 Rxc2+ 50. Kg3 Nf8 51. Bd5 Bxb5 52. Bxb6 Bc6 53. Bxc6 Rxc6 54. Ba5 Nd7 55. Nf3 Kf6 56. Nd4 Rc1 57. Ne2 Rc2 58. Nc3 Nc5 59. Bb4 Nd3 60. Nxa4 Re2 61. Kf3 Rf2+ 62. Kg3 Re2 63. Bc3+ Kg6 64. Bd4 Ne1 65. Nc5 Rxg2+ 66. Kh3 Ra2 67. Nd7 1/2-1/2

[Event "Belgrade Serbia op"]
[Site "Belgrade"]
[Date "2021.07.03"]
[Round "2"]
[White "Beydullayeva, Govhar"]
[Black "Kilgus, Georg"]
[Result "0-1"]
[WhiteElo "2264"]
[BlackElo "2452"]
[PlyCount "71"]
[EventDate "2021.07.02"]
[EventType "swiss"]
[EventRounds "9"]
[EventCountry "SRB"]
[SourceTitle "CBM 203 Extra"]
[Source "ChessBase"]
[SourceDate "2021.09.30"]
[SourceVersion "1"]
[SourceVersionDate "2021.09.30"]
[SourceQuality "1"]

1. Nf3 Nf6 2. c4 e6 3. g3 d5 4. Bg2 d4 5. 0-0 c5 6. d3 Nc6 7. e3 h6 8. exd4 cxd4 9. Na3 Bc5 10. Nc2 a5 11. Re1 0-0 12. Bf4 Nd7 13. b3 Re8 14. a3 e5 15. Bd2 Be7 16. b4 Bf6 17. Qe2 e4 18. b5 Ne7 19. dxe4 d3 20. Qxd3 Bxa1 21. Rxa1 Nc5 22. Qxd8 Rxd8 23. Be3 Nxe4 24. Bb6 Re8 25. Nfd4 f5 26. Ne3 a4 27. Re1 g6 28. Ng4 Kg7 29. Ne5 Ng8 30. Bc7 Ngf6 31. b6 Nc5 32. Nb5 Nfe4 33. f3 Nf6 34. Nd6 Re7 35. Bd8 Re6 36. Nb5 0-1

[Event "AUT-chT 2021"]
[Site "Austria"]
[Date "2021.03.12"]
[Round "5.3"]
[White "Saric, Ivan"]
[Black "Kilgus, Georg"]
[Result "1/2-1/2"]
[WhiteElo "2652"]
[BlackElo "2461"]
[PlyCount "78"]
[EventDate "2021.01.22"]
[EventType "team-tourn"]
[EventRounds "7"]
[EventCountry "AUT"]
[SourceTitle "EXT 2022"]
[Source "ChessBase"]
[SourceDate "2021.10.06"]
[SourceVersion "1"]
[SourceVersionDate "2021.10.06"]
[SourceQuality "1"]
[WhiteTeam "St Veit"]
[BlackTeam "Grieskirchen/Schallerbach"]
[WhiteTeamCountry "AUT"]
[BlackTeamCountry "AUT"]

1. e4 c5 2. Nf3 e6 3. d4 cxd4 4. Nxd4 Nc6 5. Nc3 Qc7 6. g3 a6 7. Bg2 Nf6 8. 0-0 Nxd4 9. Qxd4 Bc5 10. Bf4 d6 11. Qd2 h6 12. Rad1 e5 13. Be3 Be6 14. Bxc5 dxc5 15. Nd5 Bxd5 16. exd5 Qd6 17. a4 0-0 18. a5 Rab8 19. Rfe1 b5 20. axb6 Rxb6 21. b3 Rb4 22. Qe2 Rd4 23. Ra1 e4 24. c4 Rb8 25. Qc2 Rd3 26. Rab1 Qb6 27. f3 Rxb3 28. Rxb3 Qxb3 29. Qxb3 Rxb3 30. fxe4 Ng4 31. d6 f6 32. Rd1 Rb8 33. Bh3 Ne5 34. d7 Rd8 35. Rd5 Kf8 36. Rxc5 Nxd7 37. Bxd7 Rxd7 38. Rc8+ Ke7 39. Ra8 Rc7 1/2-1/2